00582nam a2200157Ia 4500001000500000005001700005008004100022041000800063082001500071100011800086245018800204260000900392300000700401650000800408654000800416861220260306160622.0260306t2013||||xx |||||||||||||| ||spa|| aESP a371.2bI59 aInstituto Peruano de Evaluación, Acreditación y Certificación de la Calidad de la Educación BásicaeAUT 0a¿Qué y cómo evaluamos la gestión de la institución educativa?:bmatriz y guía de autoevaluación de la gestión educativa de instituciones de educación básica regular c2013 ac aGEN aCED